KOHA-Header-6

Estacode Civil Establishment code (Record no. 9662)

000 -LEADER
fixed length control field 00282nam a2200109Ia 4500
100 ## - MAIN ENTRY--AUTHOR NAME
Personal name PPA,Research Centre
245 #0 - TITLE STATEMENT
Title Estacode Civil Establishment code
260 ## - PUBLICATION, DISTRIBUTION, ETC. (IMPRINT)
Place of publication Islamabad
Name of publisher Tata McGraw Hill
Year of publication 2002
300 ## - PHYSICAL DESCRIPTION
Number of Pages 593
942 ## - ADDED ENTRY ELEMENTS (KOHA)
Koha item type Books
Holdings
Withdrawn status Lost status Collection code Permanent Location Current Location Shelving location Date acquired Full call number Accession Number Koha item type
    Dictionaries MAJU MAJU Shelf No.B28 2019-09-14 659.1 5554 DICTIONARY

Powered by Koha